ბათუმის შოთა რუსთაველის სახელმწიფო უნივერსიტეტის ბიბლიოთეკა

ქართული კულტურის ისტორიის მასალები : (ბიბ.ჩანაწერი № 60053)

000 -ლიდერი
ფიქსირებული სიგრძის საკონტროლო ველი 01119nam a22002057a 4500
003 - საკონტროლო ნომრის იდენტიფიკატორი
საკონტროლო ველი Ge_BSU
005 - ბოლო ოპერაციის თარიღი და დრო
საკონტროლო ველი 20230602100948.0
008 - ფიქსირებული სიგრძის მონაცემთა ელემენტები - ზოგადი ინფორმაცია
ფიქსირებული სიგრძის საკონტროლო ველი 230602s2008 ge ||||| |||| 00| 0 geo d
020 ## - წიგნის საერთაშორისო სტანდარტული ნომერი
International Standard Book Number 9789941003509
041 ## - ენის კოდი
Language code of text/sound track or separate title geo
080 ## - უნივერსალური ათობითი კლასიფიკაციის ინდექსი
Universal Decimal Classification number 008(479.22)(09) მ-74
100 ## - მთავარი ჩანაწერი - პიროვნების სახელი
Personal name მიქაუტაძე, რუსუდან
9 (RLIN) 18407
245 ## - ცნობა სათაურის შესახებ
Title ქართული კულტურის ისტორიის მასალები :
Remainder of title (ტერმინები, შეკითხვები, ტესტები, მასალები შედარებითი ანალიზისათვის, ბიბლიოგრაფია) /
Statement of responsibility, etc რუსუდან მიქაუტაძე ; [რედ. მ. ჭუმბურიძე].
264 ## - წარმოების, გამოცემის, დისტრიბუციის და სხვა ცნობები
გამოცემის, წარმოების, დისტრიბუციის... ადგილი ქუთაისი,
გამოცემის, წარმოების, დისტრიბუციის... თარიღი 2008.
300 ## - ფიზიკური აღწერა
Extent 146 გვ. ;
Other physical details 30 სმ.
504 ## - BIBLIOGRAPHY, ETC. NOTE
Bibliography, etc ბიბლიოგრ. მასალ. ბოლოში
653 ## - INDEX TERM--UNCONTROLLED
Uncontrolled term ქართული კულტურის ისტორია
700 ## - ADDED ENTRY--PERSONAL NAME
Personal name ჭუმბურიძე, მ.
Relator term რედაქტორი
9 (RLIN) 18408
942 ## - ADDED ENTRY ELEMENTS (KOHA)
Source of classification or shelving scheme
Koha item type წიგნი
ეგზემპლარები
ჩამოწერის სტატუსი დაკარგული ეგზემპლარის სტატუსი კლასიფიკაციის წყარო ან თაროზე გაწყობის სქემა დაზიანების სტატუსი არ გაიცემა მუდმივი მდებარეობა (დაცვის ადგილი) ამჟამინდელი ადგილსამყოფელი თაროზე განთავსების ადგილი შეძენის თარიღი ღირებულება, შესყიდვის ნორმალური ფასი სრული შენახვის შიფრი შტრიხკოდი ბოლო ოპერაციის თარიღი ეგზემპლარის მიმდევრობითი ნომერი (კეტერი?) Uniform Resource Identifier ფასის ძალაში შესვლის თარიღი ეგზემპლარის სახეობა საჯარო შენიშვნა
          ბათუმის შოთა რუსთაველის სახელმწიფო უნივერსიტეტის მთავარი ბიბლიოთეკა ბათუმის შოთა რუსთაველის სახელმწიფო უნივერსიტეტის მთავარი ბიბლიოთეკა წიგნსაცავი 2023-06-02 7.00 008(479.22)(09) მ-74 64538 2023-06-02 64538 ბსუ-ს საპატიო დოქტორის გურამ ლორთქიფანიძის საჩუქარი 2023-06-02 წიგნი 7 ლ.